Dictionary of Corruption (Record no. 43524)

MARC details
000 -LEADER
fixed length control field 00482nam a22001817a 4500
005 - DATE AND TIME OF LATEST TRANSACTION
control field 20250402163338.0
008 - FIXED-LENGTH DATA ELEMENTS--GENERAL INFORMATION
fixed length control field 250402b |||||||| |||| 00| 0 eng d
020 ## - INTERNATIONAL STANDARD BOOK NUMBER
International Standard Book Number 9781788216593
041 ## - LANGUAGE CODE
Language code of text/sound track or separate title eng
082 ## - DEWEY DECIMAL CLASSIFICATION NUMBER
Classification number 364.132 BAR
100 ## - MAIN ENTRY--PERSONAL NAME
Author Barrington, Robert
245 ## - TITLE STATEMENT
Title Dictionary of Corruption
260 ## - PUBLICATION, DISTRIBUTION, ETC.
Place UK
Publisher Agenda Publishing
Publication Year 2024
300 ## - PHYSICAL DESCRIPTION
Extent 357;. pages: 21 cm
650 ## - SUBJECT ADDED ENTRY--TOPICAL TERM
Subject Corruption; Dictionaries--English
700 ## - ADDED ENTRY--PERSONAL NAME
Co-Author David-barrett, Elizabeth
942 ## - ADDED ENTRY ELEMENTS (KOHA)
Koha item type Books
Holdings
Withdrawn status Lost status Source of classification or shelving scheme Damaged status Not for loan Home library Current library Shelving location Accession Date Vendor Price Bill number Total Checkouts Full call number Barcode No Date last seen Discount Bill Date Koha item type Suggested By
    Dewey Decimal Classification     IMTN IMTN Rack 16-A 03/26/2025 Raghav Books Private Limited 2226.00 2374   364.132 BAR 33804 04/02/2025 33 02/14/2025 Books Dr. Mantha Raghu (Head Librarian)
Designed & Maintained by: LRC IMT Nagpur Contact: lrc@imtnag.ac.in© 2024. All Rights Reserved.